Normal view
MARC view
- Educación primaria
Entry Materia
001 - NÚMERO DE CONTROL DEL REGISTRO
- campo de control: 24339
003 - IDENTIFICADOR DE NUMERO DE CONTROL
- campo de control: MX-MxUPN
005 - FECHA Y HORA DE LA ÚLTIMA TRANSACCIÓN
- campo de control: 20230615121029.0
008 - DATOS DE LONGITUD FIJA
- campo de control de longitud fija: 230615dn fnannbaba n ana |d
035 ## - NÚMERO DE CONTROL DEL SISTEMA
- Número de control del sistema: UPN10000024348
040 ## - FUENTE DE LA CATALOGACIÓN
- Lengua de catalogación: spa
- Centro catalogador de origen: MX-MxUPN
150 ## - ENCABEZAMIENTO - TEMÁTICO
- Término de materia o nombre geográfico como elemento inicial: Educación primaria
- Subdivisión geográfica: México
- Subdivisión de forma: Evaluación
670 ## - FUENTE EN LA QUE SE LOCALIZARON DATOS
- Cita de la fuente: LC Subject Headings, 2022 :
- Información localizada: página E47 (Education, Secondary (May Subd Geog))
670 ## - FUENTE EN LA QUE SE LOCALIZARON DATOS
- Cita de la fuente: LC Subject Headings, 2022 :
- Información localizada: página SD 31 (Subdivisión flotante: Evaluation)
670 ## - FUENTE EN LA QUE SE LOCALIZARON DATOS
- Cita de la fuente: Autoridades BGTQ, 15 junio 2023 :
- Información localizada: (México)
902 ## - CATALOGADOR
- Catalogador: MMA/251115
- Catalogador: VíctorGodínez/150623
